[Event "Pavlodar op"]
[Site "Pavlodar"]
[Date "2013.12.17"]
[Round "8"]
[White "Kuzairov, Olzhas"]
[Black "Kakishev, Nazhmiden"]
[Result "0-1"]
[WhiteElo "1797"]
[BlackElo "1996"]
[PlyCount "54"]
[EventDate "2013.12.10"]
[EventType "swiss"]
[EventRounds "10"]
[EventCountry "KAZ"]
[SourceTitle "CBM 158 Extra"]
[Source "ChessBase"]
[SourceDate "2014.02.28"]
[SourceVersion "1"]
[SourceVersionDate "2014.02.28"]
[SourceQuality "1"]

1. Nf3 d5 2. g3 Nf6 3. d4 e6 4. Bg2 c5 5. e3 Nc6 6. 0-0 Be7 7. b3 cxd4 8. exd4 0-0 9. Bb2 b5 10. Nbd2 Rb8 11. Ne5 Nxe5 12. dxe5 Nd7 13. Qe2 b4 14. Rfd1 Qb6 15. c4 bxc3 16. Bxc3 Ba6 17. Qg4 Bc5 18. Ne4 dxe4 19. Rxd7 Bxf2+ 20. Kh1 Rbc8 21. Bd2 e3 22. Bb4 Rfd8 23. Rxd8+ Rxd8 24. Rc1 Rd4 25. Qf3 Qxb4 26. Qa8+ Qf8 27. Qxa7 e2 0-1